00342nam a2200133Ia 4500008004100000020000500041082001800046100000500064245004200069260005400111300000700165650001200172700002400184140316s9999 xx 000 0 und d a a617.7bBAL/OP a aOphthalmology in traditional medicine aMadrasbCentre for Indian knowledge systemsc1996 a58 aEyecase aBalasubramanian,A V